| 000 -LEADER |
| fixed length control field |
00532nas a2200181 a 4500 |
| 022 0# - INTERNATIONAL STANDARD SERIAL NUMBER |
| ISSN |
1040-4651 |
| 040 ## - CATALOGING SOURCE |
| Transcribing agency |
NSD |
| 082 00 - DEWEY DECIMAL CLASSIFICATION NUMBER |
| Classification number |
581 AME 1989 A106 Or. |
| 245 04 - TITLE STATEMENT |
| Title |
The plant cell |
| 260 ## - PUBLICATION, DISTRIBUTION, ETC. (IMPRINT) |
| Place of publication |
Rockville, Md. : |
| Name of publisher |
American Society of Plant Physiologists, |
| Year of publication |
c1989- |
| 300 ## - PHYSICAL DESCRIPTION |
| Number of Pages |
v. : |
| Other physical details |
ill. ; |
| Dimensions |
28 cm |
| 500 ## - GENERAL NOTE |
| General note |
Title from cover |
| 650 #0 - SUBJECT ADDED ENTRY--TOPICAL TERM |
| Topical Term |
Plant cells and tissues |
| 710 2# - ADDED ENTRY--CORPORATE NAME |
| Corporate name or jurisdiction name as entry element |
American Society of Plant Physiologists |
| 710 2# - ADDED ENTRY--CORPORATE NAME |
| Corporate name or jurisdiction name as entry element |
American Society of Plant Biologists |
| 856 41 - ELECTRONIC LOCATION AND ACCESS |
| Uniform Resource Identifier |
http://www.plantcell.org/ |
| 942 ## - ADDED ENTRY ELEMENTS (KOHA) |
| Koha item type |
សៀវភៅភាសាអង់គ្លេស |
| 952 ## - LOCATION AND ITEM INFORMATION (KOHA) |
| Withdrawn status [LOCAL, KOHA] |
0 |